Central Library, Doon University
WEBOPAC (ONLINE PUBLIC ACCESS CATALOGUE)

Comparative Physiology (Record no. 60333)

MARC details
000 -LEADER
fixed length control field 00492nam a22001937a 4500
005 - DATE & TIME
control field 20260211165550.0
008 - FIXED-LENGTH DATA ELEMENTS--GENERAL INFORMATION
fixed length control field 260211b |||||||| |||| 00| 0 eng d
020 ## - ISBN
International Standard Book Number 9788198096067
Price 1695.00
040 ## - CATALOGING SOURCE
Original cataloging agency Doon University
041 ## - Language
Language English
082 ## - DDC NUMBER
Classification number 591.1
Book Number SAN
100 ## - MAIN ENTRY--PERSONAL NAME
Personal name Sanjay, Kumar
245 ## - TITLE STATEMENT
Title Comparative Physiology
260 ## - PUBLICATION, DISTRIBUTION, ETC. (IMPRINT)
Place of publication, distribution, etc New Delhi
Name of publisher, distributor, etc Blackwell Press
Date of publication, distribution, etc 2025
300 ## - PHYSICAL DESCRIPTION
Pages 322
650 ## - Subject
Subject Biological Science
700 ## - Added Entry Personal Name
Added Entry Personal Name Suresh, Kumar
942 ## - ADDED ENTRY ELEMENTS (KOHA)
Koha item type Books
100 ## - MAIN ENTRY--PERSONAL NAME
-- 26287
650 ## - Subject
-- 14046
700 ## - Added Entry Personal Name
-- 1658
952 ## - LOCATION AND ITEM INFORMATION (KOHA)
-- 2026-02-11
952 ## - LOCATION AND ITEM INFORMATION (KOHA)
-- 2026-02-11
952 ## - LOCATION AND ITEM INFORMATION (KOHA)
-- 2026-02-11
952 ## - LOCATION AND ITEM INFORMATION (KOHA)
-- 2026-02-11
952 ## - LOCATION AND ITEM INFORMATION (KOHA)
-- 2026-02-11
Holdings
Withdrawn status Lost status Source of classification or shelving scheme Damaged status Not for loan Location (home branch) Sublocation or collection (holding branch) Date acquired Koha full call number Accession No. Koha date last seen Koha item type Koha issues (times borrowed)
        Not For Loan Doon University Doon University 11.02.2026 591.1 SAN 52657 11.02.2026 Reference  
          Doon University Doon University 11.02.2026 591.1 SAN 52658 11.02.2026 Books  
          Doon University Doon University 11.02.2026 591.1 SAN 52659 11.02.2026 Books  
          Doon University Doon University 11.02.2026 591.1 SAN 52660 11.02.2026 Books  
          Doon University Doon University 11.02.2026 591.1 SAN 52661 11.02.2026 Books  
Contact : +91-135-2533126 (Library),+91-135-2533105 (Admin Office) , Email : doonlibrary@gmail.com

Powered by Koha